| 000 | 005160000a22001690004500 | ||
|---|---|---|---|
| 041 | 0 | _aSPA | |
| 082 | 0 | 4 | _aG 266.02 J736p |
| 100 | 1 | _aJohnstone, Patrick | |
| 245 | 1 | 0 | _aOperación mundo : Guía diaria de oración por el mundo / Patrick Johnstone; Andrés Prins S., Traductor |
| 260 | _aBogotá, Colombia : Centros de Literatura Cristiana | ||
| 300 | _a729 Pag | ||
| 001 | 10618 | ||
| 942 | _cBK | ||
| 999 |
_c40121 _d40121 |
||
| 336 |
_atexto _btxt _2rdacontent |
||
| 337 |
_2rdamedia _asin mediación _bn |
||
| 338 |
_2rdacarrier _avolumen _bnc |
||